000
00333nam a2200145Ia 4500
005
20251222153559.0
008
251222s9999||||xx |||||||||||||| ||spa||
020
_a
671536680
082
_a
641.597.5/B24
100
_a
Barnard, Melanie
245
0
_a
Family Cookbook:
250
_a
1ra. ed.
264
_b
Pocket Books
942
_c
LIB
999
_c
31158
_d
31158